Education and democracy in Africa: preliminary thoughts on a neglected linkage (Record no. 466)

MARC details
000 -LEADER
fixed length control field 00522nam a2200169Ia 4500
008 - FIXED-LENGTH DATA ELEMENTS--GENERAL INFORMATION
fixed length control field 240428s9999||||xx |||||||||||||| ||und||
020 ## - INTERNATIONAL STANDARD BOOK NUMBER
International Standard Book Number 9988764269
041 ## - LANGUAGE CODE
Language code of text/sound track or separate title eng
082 ## - DEWEY DECIMAL CLASSIFICATION NUMBER
Classification number 370.115D
100 ## - MAIN ENTRY--PERSONAL NAME
Personal name Daddieh, Cyril K.
245 #0 - TITLE STATEMENT
Title Education and democracy in Africa: preliminary thoughts on a neglected linkage
260 ## - PUBLICATION, DISTRIBUTION, ETC.
Name of publisher, distributor, etc. Institute of Economic Affairs
Place of publication, distribution, etc. Accra
Date of publication, distribution, etc. 1997
300 ## - PHYSICAL DESCRIPTION
Extent 27p.
650 ## - SUBJECT ADDED ENTRY--TOPICAL TERM
Topical term or geographic name entry element Democracy. - Education -- Africa -- Philosophy. - Education and state -- Africa.
942 ## - ADDED ENTRY ELEMENTS (KOHA)
Koha item type Books
Holdings
Withdrawn status Lost status Damaged status Not for loan Home library Current library Shelving location Date acquired Total checkouts Full call number Date last seen Copy number Price effective from Koha item type
        Main Library Main Library Open Shelves 10/01/2022   370.115D 1468 C1 29/04/2024 1 29/04/2024 Books
©2026  Parliament of Ghana Library - All rights reserved